Arquitectura, comercio, ilustración y poder en Valladolid de Michoacán : siglo XVIII /

La investigación reportada aquí se enfoca al estudio de cuatro aspectos del acontecer vallisoletano del siglo XVIII, tomando como punto de referencia la vida de cuatro personajes representativos del ser y acontecer de la ciudad. arquitecto mulato que ascendió socialmente por medio del trabajo y del...

Бүрэн тодорхойлолт

-д хадгалсан:
Номзүйн дэлгэрэнгүй
Үндсэн зохиолч: Guzmán Pérez, Moisés (autor)
Бусад зохиолчид: Juárez Nieto, Carlos (autor) (autor)
Формат: Ном
Хэл сонгох:испани
Цуврал:(Regiones de México)
Нөхцлүүд:
Шошгууд: Шошго нэмэх
Шошго байхгүй, Энэхүү баримтыг шошголох эхний хүн болох!

MARC

LEADER 00000nam^a2200000^a^4500
001 000039562
005 20250521000000.0
009 20260310085545.648
020 |a 968-29-5104-6 
037 |a Acervo ITESO - Biblioteca 
041 |a ESP 
082 |a 972. 37203  |b GUZ 
100 |a Guzmán Pérez, Moisés  |e (autor) 
245 1 0 |a Arquitectura, comercio, ilustración y poder en Valladolid de Michoacán :  |b siglo XVIII /  |c M. Guzmán Pérez, C. Juárez Nieto. 
264 |a México :  |b INAH,  |c 1993 
300 |a 241 p. 
336 |a texto  |b txt  |2 rdacontenido 
337 |a sin mediación  |b n  |2 rdamedio 
338 |a volumen  |b nc  |2 rdasoporte 
440 1 |a (Regiones de México) 
520 |a La investigación reportada aquí se enfoca al estudio de cuatro aspectos del acontecer vallisoletano del siglo XVIII, tomando como punto de referencia la vida de cuatro personajes representativos del ser y acontecer de la ciudad. arquitecto mulato que ascendió socialmente por medio del trabajo y del culti vo de relaciones. Viene luego el estudio de la consolidación económica novohispana, a través de la vida de un comerciante en ascenso. Se analiza luego la obispal de Fray Antonio de San Miguel y la disminución del poder de la Iglesia. Se termina con un retrato de un típico hombre ilustrado de la época. 
649 |a XX 
650 |a México -  |x Historia 
650 |a Morelia, Michoacán -  |x Historia 
650 |a Morelia, Michoacán -  |x Historia -  |y Virreinato, 1535-1821 
700 |a Juárez Nieto, Carlos  |e (autor) 
910 |a Fondo General 
920 |a Impresos - Libros 
930 |a Colección General 
905 |a 101 
901 |a 0395620100  |b IT1  |c ACC  |i 039562  |u 20250521 
902 |a https://opac.biblio.iteso.mx/vufind/Record/000039562